Football Teams N'Golo Kanté Played For - Statistics

General Stats
  • This quiz has been taken 63 times
  • The average score is 4 of 5
Answer Stats
League Years Team % Correct
England 2016-2023 Chelsea FC
100%
England 2015-2016 Leicester City
94%
Saudi Arabia 2023- Al-Ittihad Club
85%
France 2013-2015 SM Caen
56%
France 2012-2013 US Boulogne
22%
No matching quizzes found
Score Distribution
Percent of People with Each Score
Percentile by Number Answered
Your Score History
You have not taken this quiz